000 00281nam a22001337a 4500
008 170620b xxu||||| |||| 00| 0 eng d
020 _a9780300098563
041 _aeng
080 _a32
100 _a20
101 _aSHP
245 _aMODERN IRAN
_cKEDDIE.N.R
942 _2udc
_cBK
999 _c18309
_d18309